000 00228nam a22001097a 4500
999 _c57984
_d57981
082 _a624.171VAZ
100 _aVazirani, S
245 _aSteel Tables
260 _aNew Delhi
_bKataria and sons
_c2017
300 _a167
942 _cBK